| Tag |
First Indicator |
Second Indicator |
Subfields |
| LEADER |
00000cam a2200000 a 4500 |
| 001 |
in00000081316 |
| 005 |
20151008061027.0 |
| 008 |
820127s1981 mdua 00010 eng |
| 010 |
|
|
|a 81083152
|
| 020 |
|
|
|a 087021800X
|
| 035 |
|
|
|a (OCoLC)08048504
|
| 035 |
|
|
|9 AAJ7137AM
|
| 039 |
0 |
|
|a 2
|b 3
|c 3
|d 3
|e 3
|
| 040 |
|
|
|a DLC
|c DLC
|d TXA
|d UtOrBLW
|
| 043 |
|
|
|a n-us---
|a p------
|
| 049 |
|
|
|a TXAM
|c [1561188]
|
| 050 |
0 |
0 |
|a D773
|b .S68
|
| 082 |
0 |
|
|a 940.54/5973/0222
|2 19
|
| 100 |
1 |
|
|a Sowinski, Larry.
|
| 245 |
1 |
0 |
|a Action in the Pacific :
|b as seen by US Navy photographers during World War 2 /
|c by Larry Sowinski.
|
| 264 |
|
1 |
|a Annapolis, Md. :
|b Naval Institute Press,
|c 1981.
|
| 300 |
|
|
|a 208 pages :
|b illustrations (some color) ;
|c 31 cm.
|
| 336 |
|
|
|a text
|b txt
|2 rdacontent
|
| 337 |
|
|
|a unmediated
|b n
|2 rdamedia
|
| 338 |
|
|
|a volume
|b nc
|2 rdacarrier
|
| 610 |
1 |
0 |
|a United States.
|b Navy
|x History
|y World War, 1939-1945
|x Pictorial works.
|
| 650 |
|
0 |
|a World War, 1939-1945
|x Naval operations, American
|x Pictorial works.
|
| 650 |
|
0 |
|a World War, 1939-1945
|z Pacific Ocean
|x Pictorial works.
|
| 999 |
|
|
|a MARS
|
| 999 |
f |
f |
|s 6c3b746c-a5c0-39b2-afde-51bd5fa304d1
|i 8decec02-d441-3beb-b064-bbd8b39dcd0c
|t 0
|
| 952 |
f |
f |
|p normal
|a Texas A&M University
|b College Station
|c Sterling C. Evans Library
|d Evans: Library Stacks
|t 0
|e D773 .S68
|h Library of Congress classification
|i unmediated -- volume
|m A14806095369
|
| 998 |
f |
f |
|a D773 .S68
|t 0
|l Evans: Library Stacks
|